| 000 | 00742nam a2200229Ia 4500 | ||
|---|---|---|---|
| 008 | 191130s2008##################000#0#eng## | ||
| 020 | _a9780230001329 | ||
| 040 |
_aACL _cACL |
||
| 082 | _a320.531 WET | ||
| 100 | _aBurnham, Peter | ||
| 245 |
_aClass, power and the state in capitalist society : essays on Ralph Miliband _cPaul Wetherly, Clyde W. Barrow, Peter Burnham |
||
| 260 |
_aBasingstoke, Hampshire _bPalgrave Macmillan _cc2008 |
||
| 300 | _axv, 260 p. ; 23 cm | ||
| 500 | _aIncludes bibliographical references and index | ||
| 650 | _aMiliband, Ralph | ||
| 650 | _aSocialism | ||
| 700 | _aBarrow, Clyde W | ||
| 700 | _aWetherly, Paul | ||
| 990 | _a6c01c3acac10000c5a8ea9d2d6903dce | ||
| 991 | _a183496 | ||
| 999 |
_c130191 _d130191 |
||